Statystyki dla Sąsiedzi Polski według długości granic

Kliknij tutaj aby rozwiązać quiz!

Ogólne statystyki

  • Ten quiz został rozwiązany 719 razy
  • Średni wynik to 6 z 7

Statystyki odpowiedzi

Długość Granicy w kmNazwa Kraju% Poprawnych
796Czechy
98%
541Słowacja
94%
535Ukraina
93%
467Niemcy
92%
418Białoruś
88%
210Rosja
88%
104Litwa
87%

Rozkład punktacji

Percentyl według liczby udzielonych odpowiedzi

Procent ludzi z każdym wynikiem

Twoja historia wyników

Nie rozwiązałeś tego quizu